ลับ ลวง พราง ตอน ศึกพระวิหาร (ระเบียนเลขที่ 64803)
| 000 -LEADER | |
|---|---|
| fixed length control field | 01344nam a22002657a 4500 |
| 005 - DATE AND TIME OF LATEST TRANSACTION | |
| control field | 20210325205927.0 |
| 008 - FIXED-LENGTH DATA ELEMENTS--GENERAL INFORMATION | |
| fixed length control field | s2554 th ||||| |||| 00| 0 tha d |
| 020 ## - INTERNATIONAL STANDARD BOOK NUMBER | |
| International Standard Book Number | 9786162440083 |
| 050 ## - LIBRARY OF CONGRESS CALL NUMBER | |
| Classification number | DS554.98.P7 ว491ล 2554 |
| 100 0# - MAIN ENTRY--PERSONAL NAME | |
| Personal name | วาสนา นาน่วม |
| 245 10 - TITLE STATEMENT | |
| Title | ลับ ลวง พราง ตอน ศึกพระวิหาร |
| 260 3# - PUBLICATION, DISTRIBUTION, ETC. | |
| Place of publication, distribution, etc. | กรุงเทพฯ : |
| Name of publisher, distributor, etc. | โพสต์บุ๊กส์, |
| Date of publication, distribution, etc. | 2554 |
| 300 ## - PHYSICAL DESCRIPTION | |
| Extent | 375 หน้า : |
| Other physical details | ภาพประกอบ ; |
| Dimensions | 21 ซม. |
| 650 04 - SUBJECT ADDED ENTRY--TOPICAL TERM | |
| Topical term or geographic name entry element | เขาพระวิหาร -- กรณีพิพาท |
| 650 04 - SUBJECT ADDED ENTRY--TOPICAL TERM | |
| Topical term or geographic name entry element | กัมพูชา -- ประวัติศาสตร์ |
| 650 04 - SUBJECT ADDED ENTRY--TOPICAL TERM | |
| Topical term or geographic name entry element | ไทย -- เขตแดน -- กัมพูชา |
| 650 04 - SUBJECT ADDED ENTRY--TOPICAL TERM | |
| Topical term or geographic name entry element | ปราสาทพระวิหาร -- ประวัติ |
| 650 04 - SUBJECT ADDED ENTRY--TOPICAL TERM | |
| Topical term or geographic name entry element | ไทย -- ความสัมพันธ์กับต่างประเทศ -- กัมพูชา |
| 650 04 - SUBJECT ADDED ENTRY--TOPICAL TERM | |
| Topical term or geographic name entry element | กัมพูชา -- ความสัมพันธ์กับต่างประเทศ -- ไทย |
| 850 ## - HOLDING INSTITUTION | |
| Holding institution | NALT |
| 942 ## - ADDED ENTRY ELEMENTS (KOHA) | |
| Koha item type | General Book |
| 997 ## - | |
| -- | 39932 ฉ.1 /39933 ฉ.2 |
| 997 ## - | |
| -- | 000000000064803 |
| 998 ## - LOCAL CONTROL INFORMATION (RLIN) | |
| -- | นางสุกัญญา กัลยา |
| Withdrawn status | Lost status | Damaged status | Not for loan | Collection code | Home library | Current library | Source of acquisition | Cost, normal purchase price | Total Checkouts | Full call number | Barcode | Date last seen | Copy number | Cost, replacement price | Price effective from | Koha item type |
|---|---|---|---|---|---|---|---|---|---|---|---|---|---|---|---|---|
| General Book collection | National Assembly Library of Thailand | National Assembly Library of Thailand | จัดซื้อทรัพยากร | 240.00 | DS 554.98.P7 ว491ล 2554 | 3961187490 | 09/06/2017 | ฉ. 2 | 290.00 | 09/06/2017 | General Book | |||||
| General Book collection | National Assembly Library of Thailand | National Assembly Library of Thailand | จัดซื้อทรัพยากร | 240.00 | DS 554.98.P7 ว491ล 2554 | 3961187489 | 07/08/2025 | ฉ. 1 | 290.00 | 09/06/2017 | General Book |
